000 00690nam a2200157 a 4500
008 071008s2004 ||||||||||||||||| || u
050 _aZAM.PER.BOZ(05)
110 _aBank Of Zambia (BOZ)
245 1 0 _aQuarterly financial and statistical review
250 _a2004
260 _aLusaka
_bBank of Zambia
_c2004
300 _a33p. :ill.
350 _a0.00
995 _aSPECIAL COLLECTIONS
_D0.00
_e03004101
_FCBU-MAIN LIBRARY (Kitwe)
_H1
_I0.00
_jZAM.PER.BOZ(05)QFSR/05
_M1
_UAVAILABLE
_WJun 8, 2009
_yZ03004101
_ZZambiana Collection
995 _aSPECIAL COLLECTIONS
_D0.00
_e03004102
_FCBU-MAIN LIBRARY (Kitwe)
_H1
_I0.00
_jZAM.PER.BOZ(05)QFSR/05
_M2
_UAVAILABLE
_WJun 8, 2009
_yZ03004102
_ZZambiana Collection
999 _c79937
_d79937